000 00782nam a2200241 i 4500
001 13241
003 ES-MaACL
005 20230906150531.0
007 t|
008 960425s1995 sp ||||0| spa j
020 _a84-89231-02-8
040 _aM-BN
_bspa
_cM-BN
080 _a248.159.4(460.11)
080 _a726.54(460.11)
100 1 _aCardeso Liñares, José.
_935161
245 1 0 _aSantuarios marianos de Galicia
_b: historia, arte y tradiciones /
_cJosé Cardeso Liñares.
260 _a[La Coruña] :
_bFundación Caixa Galicia,
_cD.L. 1995.
300 _a309 p :
_bil ;
_c25 cm.
600 1 4 _aVirgen María-
_xCulto-
_zGalicia.
_9115441
650 1 4 _aSantuarios-
_zGalicia.
_916992
710 2 _aFundación Caixa Galicia.
_94235
852 _aES-MaACL
_jL-20659
_bR.126373
999 _c13241
_d13241